00301nam a2200121 a 4500008004100000020001500041050001600056100001900072245002900091260002800120300002200148350000900170120416s0000 xx |||||||||||||| || u a0748724907 aHF 5030 Nee aNeedham, David10aBusiness studies for you abStanley Thornesc1996 avii, 312p. : ill. a0.00